00380nam a2200109Ia 4500008004100000245013300041260004900174260000900223300001000232500001200242650001600254170224s9999 xx 000 0 und d aHelp to perpetuate traditional gender roles: Benevolent sexism increases engagement in dependency-oriented cross-gender helping. bJournal of Personality and Social Psychology c2016 a110:1 aJanuary xPsychology.